US Elections Extravaganza Quiz Stats

 Plays Quiz Updated Dec 15, 2020

Support Sporcle.
Go Orange.
Score 0/168 Timer 15:00
0 Plays Today
Candidate % Correct
George H.W. Bush
96.8%
George H.W. Bush
96.8%
George H.W. Bush
96.8%
George H.W. Bush
96.8%
Bill Clinton
96.7%
Bill Clinton
96.7%
Barack Obama
96.5%
George W. Bush
96.5%
George W. Bush
96.5%
Hillary Clinton
96.5%
Barack Obama
96.3%
Joe Biden
95.7%
Theodore Roosevelt
95.6%
Theodore Roosevelt
95.6%
Donald Trump
95.6%
Franklin Roosevelt
95.5%
Franklin Roosevelt
95.5%
Franklin Roosevelt
95.5%
Franklin Roosevelt
95.5%
Franklin Roosevelt
95.5%
Richard Nixon
95.3%
Richard Nixon
95.3%
Richard Nixon
95.3%
Richard Nixon
95.3%
Richard Nixon
95.3%
Donald Trump
95.3%
Kamala Harris
95.3%
Lyndon Johnson
95%
Lyndon Johnson
95%
John F. Kennedy
94.8%
Ronald Reagan
94.4%
Ronald Reagan
94.4%
Andrew Johnson
94.3%
Abraham Lincoln
94.1%
Abraham Lincoln
94.1%
Jimmy Carter
93.9%
Jimmy Carter
93.9%
Mike Pence
93.3%
Al Gore
93%
Al Gore
93%
Al Gore
93%
Dwight D. Eisenhower
92.8%
Dwight D. Eisenhower
92.8%
Harry S. Truman
91.5%
Harry S. Truman
91.5%
Joe Biden
91.2%
Joe Biden
90.6%
Herbert Hoover
90.1%
Herbert Hoover
90.1%
Mike Pence
90.1%
Gerald Ford
89.5%
John McCain
89.2%
Woodrow Wilson
89.1%
Woodrow Wilson
89.1%
Henry Wilson
88.7%
William Howard Taft
88.2%
Candidate % Correct
William Howard Taft
88.2%
Ulysses S. Grant
87.6%
Ulysses S. Grant
87.6%
Calvin Coolidge
87.3%
Calvin Coolidge
87.3%
Mitt Romney
86.9%
Dick Cheney
85.6%
Dick Cheney
85.6%
Grover Cleveland
85%
Grover Cleveland
85%
Grover Cleveland
85%
John Kerry
84.8%
Sarah Palin
84.6%
William McKinley
84.5%
William McKinley
84.5%
Warren G. Harding
81.6%
Benjamin Harrison
81.4%
Benjamin Harrison
81.4%
Bob Dole
80.3%
Bob Dole
80.3%
James Garfield
79.6%
James Buchanan
79.5%
Walter Mondale
78%
Walter Mondale
78%
Walter Mondale
78%
Dan Quayle
77.6%
Dan Quayle
77.6%
Rutherford B. Hayes
77.3%
Spiro Agnew
75.9%
Spiro Agnew
75.9%
Michael Dukakis
75.3%
Tim Kaine
74.5%
Paul Ryan
73.1%
Chester A. Arthur
72.1%
Adlai Stevenson
69%
Adlai Stevenson
69%
Adlai Stevenson
69%
Adlai Stevenson
69%
Thomas E. Dewey
68.9%
Thomas E. Dewey
68.9%
Hubert H. Humphrey
68.6%
Hubert H. Humphrey
68.6%
John Edwards
67.2%
Barry Goldwater
65.9%
Al Smith
64.4%
George McGovern
63.5%
Joe Lieberman
63.1%
Geraldine Ferraro
61.1%
William Jennings Bryan
56.2%
William Jennings Bryan
56.2%
William Jennings Bryan
56.2%
Charles Bryan
55.8%
John C. Breckinridge
55.7%
Jack Kemp
53.3%
Henry Wallace
48.3%
Hannibal Hamlin
47.4%
Candidate % Correct
Lloyd Bentsen
46.3%
Alf Landon
44.7%
Wendell Willkie
43.9%
Samuel J. Tilden
43.7%
John Nance Garner
42.6%
John Nance Garner
42.6%
Sargent Shriver
41.1%
John C. Breckinridge
41.1%
Joseph Lane
41.1%
George McClellan
40.8%
John W. Davis
40.2%
Henry Davis
40.1%
Alben W. Barkley
39.3%
John C. Fremont
39.2%
Henry Cabot Lodge
38.7%
James Cox
37.8%
Charles Evans Hughes
37.3%
Thomas R. Marshall
36.3%
Thomas R. Marshall
36.3%
Schuyler Colfax
35.8%
Charles Dawes
35.3%
Edmund Muskie
35.3%
Horace Greeley
34.8%
Charles Curtis
34.3%
Charles Curtis
34.3%
William Miller
33.9%
James G. Blaine
33.8%
Charles W. Fairbanks
33.8%
Charles W. Fairbanks
33.8%
James S. Sherman
32.5%
Alton B. Parker
32.2%
Estes Kefauver
31.5%
Earl Warren
31.1%
Garret Hobart
30.5%
Winfield Hancock
30.4%
B. Gratz Brown
30%
William Wheeler
30%
Horatio Seymour
29.9%
Thomas Hendricks
29.8%
Thomas Hendricks
29.8%
Levi P. Morton
29.7%
John Sparkman
25.4%
Frank Knox
23.7%
Joseph Robinson
22.8%
John Bricker
22.4%
Charles McNary
21.7%
George Pendleton
21%
Francis Blair
20.9%
William Dayton
20.8%
William English
20.3%
Whitelaw Reid
19.9%
Nicholas Butler
19.8%
John Kern
19.8%
John Logan
19.3%
Allen Thurman
19.2%
Arthur Sewall
19%

You're not logged in!

Compare scores with friends on all Sporcle quizzes.
OR
Log In
Forgot?

From the Vault

Unique Starting Oceanian Countries

by sproutcm

Geography 30s
Not every country will have the right koalafications to make it in this quiz.
Remove Ads.
Support Sporcle.
Get the best of Sporcle when you Go Orange. This ad-free experience offers more features, more stats, and more fun while also helping to support Sporcle. Thank you for becoming a member.

Show Comments

Extras

Top Quizzes Today


Score Distribution

Your Account Isn't Verified!

In order to create a playlist on Sporcle, you need to verify the email address you used during registration. Go to your Sporcle Settings to finish the process.

Report this User

Report this user for behavior that violates our Community Guidelines.

Details: